[Event "SVK-ch Amateurs"]
[Site "Liptovsky Jan"]
[Date "2023.06.16"]
[Round "4"]
[White "Lazniewska, Zofia"]
[Black "Passer, Lukas"]
[Result "1-0"]
[WhiteElo "1583"]
[BlackElo "1780"]
[PlyCount "97"]
[EventDate "2023.06.15"]
[EventType "swiss"]
[EventRounds "8"]
[EventCountry "SVK"]
[SourceTitle "CBM 214 Extra"]
[Source "ChessBase"]
[SourceDate "2023.07.31"]
[SourceVersion "1"]
[SourceVersionDate "2023.07.31"]
[SourceQuality "1"]

1. e4 e6 2. d4 d5 3. Nd2 c5 4. exd5 Qxd5 5. Ngf3 cxd4 6. Bc4 Qd6 7. 0-0 Nf6 8. Nb3 Qc7 9. Bb5+ Bd7 10. Nbxd4 Nc6 11. Nxc6 Bxc6 12. Bxc6+ bxc6 13. Qe2 Bd6 14. h3 h6 15. b3 0-0 16. Bb2 Nd5 17. Ne5 Rad8 18. Nc4 Be7 19. Rad1 Bf6 20. Bxf6 Nxf6 21. Qf3 Rd5 22. Ne3 Rc5 23. c4 a5 24. Rd2 Rd8 25. Rxd8+ Qxd8 26. Rd1 Qc7 27. Ng4 Nxg4 28. Qxg4 Re5 29. Qf3 Kf8 30. Qd3 Ke7 31. a3 c5 32. Qd2 Re4 33. Qd3 Rd4 34. Qf3 Rxd1+ 35. Qxd1 Qe5 36. a4 Qe4 37. Qd2 e5 38. Qc3 Kf6 39. Qxa5 Qb1+ 40. Kh2 Qxb3 41. Qxc5 Qxa4 42. Qd6+ Kg5 43. Qxe5+ Kg6 44. Qe4+ Kf6 45. Qf3+ Ke6 46. Qd5+ Kf6 47. Qd6+ Kg5 48. c5 Qa8 49. c6 1-0

[Event "SVK-ch Amateurs"]
[Site "Liptovsky Jan"]
[Date "2023.06.16"]
[Round "3"]
[White "Passer, Lukas"]
[Black "Samu, Sorin Mihai"]
[Result "0-1"]
[WhiteElo "1780"]
[BlackElo "2027"]
[PlyCount "125"]
[EventDate "2023.06.15"]
[EventType "swiss"]
[EventRounds "8"]
[EventCountry "SVK"]
[SourceTitle "CBM 214 Extra"]
[Source "ChessBase"]
[SourceDate "2023.07.31"]
[SourceVersion "1"]
[SourceVersionDate "2023.07.31"]
[SourceQuality "1"]

1. d4 d6 2. c4 Nf6 3. Nc3 c6 4. e4 Qc7 5. f3 e5 6. d5 Be7 7. Be3 0-0 8. g4 Re8 9. Nge2 Nbd7 10. Ng3 Nb6 11. Qb3 Nfd7 12. Be2 Nf8 13. Kf2 Ng6 14. Rac1 c5 15. Qc2 h6 16. a3 Qd8 17. b4 cxb4 18. axb4 Bg5 19. Bxg5 Qxg5 20. c5 dxc5 21. bxc5 Nd7 22. Nb5 Rf8 23. Nd6 Nf6 24. Ndf5 Bxf5 25. Nxf5 h5 26. h4 Qf4 27. g5 Ng4+ 28. Kg2 Ne3+ 29. Nxe3 Qxe3 30. Rcd1 Rac8 31. c6 bxc6 32. Qd2 Qxd2 33. Rxd2 cxd5 34. exd5 Rfd8 35. Kg3 Rc5 36. d6 Nf4 37. Rhd1 a5 38. Bf1 Kf8 39. Rb2 Ne6 40. Rb6 Nd4 41. Bd3 Rd5 42. Ra1 g6 43. Be4 Rc5 44. Ra2 Rd7 45. Ra6 f5 46. gxf6 Kf7 47. R6xa5 Rxa5 48. Rxa5 Kxf6 49. Rd5 Ne2+ 50. Kf2 Nf4 51. Rd1 Ke6 52. Ra1 Rxd6 53. Ra2 Kf6 54. Ra5 Rd2+ 55. Kf1 Rh2 56. Ra6+ Kg7 57. Ra5 Rxh4 58. Rxe5 Rh1+ 59. Kf2 h4 60. Rb5 h3 61. Kg3 Rg1+ 62. Kh2 Rg2+ 63. Kh1 0-1